000 004410000a22001810004500
003 MACL
005 20151229131029.0
008 151229b xxu||||| |||| 00| 0 eng d
040 _aMACL
_cMACL
041 _aEnglish
082 _a181.45/SHA
100 _aSharma, K G
_923805
245 _aMaha Yoga
260 _bNational Book Shop
_c1983
_aNew Delhi
350 _a60
650 _aOrient parerbacks
_923597
942 _cBK
_k181.45/Sha
_2ddc
999 _c33738
_d33738